000 00247nam a22001097a 4500
082 _a923.1973 KIS'Y
100 _aKISSINGER, HENRY
_946579
245 _aYEARS OF UPHEAVAL
260 _aBOSTON
_bLITTLE, BROWN
_c1982
300 _a1283P
942 _cBK
999 _c580253
_d580253